| 000 | 00533nam a22001932 4500 | ||
|---|---|---|---|
| 001 | 0000003034 | ||
| 005 | 20170406114710.0 | ||
| 008 | 140502s xx 000 0 eng d | ||
| 020 |
_a9781550283327 : _c$ |
||
| 040 |
_aYour Holding Symbol _cYour Holding Symbol |
||
| 100 | 1 | _aMcCormick Peter. | |
| 245 | 1 | 0 | _aJudges and Judging. |
| 250 | _a ed. | ||
| 260 |
_aToronto : _bJames lormer, _c1990. |
||
| 300 |
_a272 p. ; _c cm. |
||
| 504 | _aindex. | ||
| 650 | 0 |
_ajudges canada _xjudicial process. |
|
| 908 | _a140502 | ||
| 999 |
_c2914 _d2914 |
||